01 北海道の市町村 人口順 - Statistics

General Stats
  • This quiz has been taken 17 times
  • The average score is 16 of 179
Answer Stats
順位 人口 市町村 % Correct
1 1,967,323 札幌市
100%
2 310,371 旭川市
90%
3 232,050 函館市
90%
4 164,217 苫小牧市
90%
5 160,431 帯広市
90%
6 151,161 釧路市
90%
7 119,049 江別市
70%
8 108,468 北見市
70%
9 101,185 小樽市
70%
10 96,888 千歳市
70%
11 74,017 室蘭市
60%
12 72,799 岩見沢市
60%
13 70,483 恵庭市
50%
14 56,206 北広島市
50%
15 55,493 石狩市
40%
16 42,372 登別市
40%
21 30,099 稚内市
40%
17 41,830 音更町
30%
18 40,945 北斗市
30%
19 36,107 滝川市
30%
20 32,735 網走市
30%
22 30,017 伊達市
30%
24 24,458 名寄市
30%
23 26,624 七飯町
20%
25 24,396 幕別町
20%
26 21,859 中標津町
20%
27 21,779 根室市
20%
28 19,539 紋別市
20%
30 19,271 富良野市
20%
33 17,799 釧路町
20%
29 19,448 新ひだか町
10%
31 17,832 美唄市
10%
32 17,817 深川市
10%
34 17,494 留萌市
10%
35 17,307 芽室町
10%
38 16,430 余市町
10%
39 15,779 士別市
10%
80 5,648 夕張市
10%
145 2,431 歌志内市
10%
36 17,021 遠軽町
0%
37 16,678 美幌町
0%
40 15,236 当別町
0%
41 14,981 砂川市
0%
42 14,589 白老町
0%
43 14,417 八雲町
0%
44 14,276 倶知安町
0%
45 13,344 別海町
0%
46 12,735 森町
0%
47 11,130 浦河町
0%
48 10,640 芦別市
0%
49 10,507 斜里町
0%
50 10,414 日高町
0%
51 10,308 栗山町
0%
52 10,268 岩内町
0%
53 9,618 東神楽町
0%
54 9,568 長沼町
0%
55 9,331 上富良野町
0%
56 9,067 美瑛町
0%
57 8,662 東川町
0%
58 8,409 清水町
0%
59 8,207 赤平市
0%
60 8,002 南幌町
0%
61 7,875 厚岸町
0%
62 7,709 洞爺湖町
0%
63 7,626 湧別町
0%
64 7,107 むかわ町
0%
65 7,014 安平町
0%
66 6,921 三笠市
0%
67 6,829 枝幸町
0%
68 6,600 白糠町
0%
69 6,543 標茶町
0%
70 6,489 江差町
0%
71 6,350 弟子屈町
0%
72 6,287 せたな町
0%
73 6,199 鷹栖町
0%
74 6,104 大空町
0%
75 6,093 新十津川町
0%
76 5,890 当麻町
0%
77 5,766 本別町
0%
78 5,668 足寄町
0%
79 5,652 羽幌町
0%
81 5,613 池田町
0%
82 5,565 広尾町
0%
83 5,447 士幌町
0%
84 5,370 共和町
0%
85 5,243 新得町
0%
86 5,204 大樹町
0%
87 5,147 ニセコ町
0%
88 5,105 松前町
0%
89 5,015 浜中町
0%
90 4,883 鹿追町
0%
91 4,881 新冠町
0%
92 4,605 標津町
0%
93 4,604 長万部町
0%
94 4,526 奈井江町
0%
95 4,491 上士幌町
0%
96 4,458 佐呂間町
0%
97 4,385 平取町
0%
98 4,338 今金町
0%
99 4,334 由仁町
0%
100 4,297 蘭越町
0%
101 4,275 訓子府町
0%
102 4,268 中富良野町
0%
103 4,255 小清水町
0%
104 4,218 厚真町
0%
105 4,076 羅臼町
0%
106 3,838 浦幌町
0%
107 3,832 雄武町
0%
108 3,795 えりも町
0%
109 3,788 津別町
0%
110 3,785 中札内村
0%
111 3,704 知内町
0%
112 3,693 上ノ国町
0%
113 3,657 美深町
0%
114 3,612 様似町
0%
115 3,598 豊富町
0%
116 3,522 清里町
0%
117 3,427 豊浦町
0%
118 3,410 鹿部町
0%
119 3,340 興部町
0%
120 3,328 増毛町
0%
121 3,277 木古内町
0%
122 3,242 比布町
0%
123 3,228 月形町
0%
124 3,227 福島町
0%
125 3,150 浜頓別町
0%
126 3,127 仁木町
0%
127 3,117 上川町
0%
128 3,113 厚沢部町
0%
129 2,969 更別村
0%
130 2,915 乙部町
0%
131 2,780 京極町
0%
132 2,748 新篠津村
0%
133 2,741 豊頃町
0%
134 2,713 下川町
0%
135 2,705 和寒町
0%
136 2,638 沼田町
0%
137 2,617 剣淵町
0%
138 2,577 小平町
0%
139 2,572 苫前町
0%
140 2,559 壮瞥町
0%
141 2,521 天塩町
0%
142 2,488 寿都町
0%
143 2,475 置戸町
0%
144 2,469 猿払村
0%
146 2,421 黒松内町
0%
147 2,408 鶴居村
0%
148 2,383 妹背牛町
0%
149 2,357 古平町
0%
150 2,305 上砂川町
0%
151 2,272 愛別町
0%
152 2,251 礼文町
0%
153 2,179 南富良野町
0%
154 2,162 遠別町
0%
155 2,152 利尻富士町
0%
156 2,114 雨竜町
0%
157 2,108 幌延町
0%
158 2,100 滝上町
0%
159 2,099 秩父別町
0%
160 1,996 陸別町
0%
161 1,993 奥尻町
0%
162 1,965 真狩村
0%
163 1,956 喜茂別町
0%
164 1,911 留寿都村
0%
165 1,848 利尻町
0%
166 1,533 北竜町
0%
167 1,521 積丹町
0%
168 1,513 浦臼町
0%
169 1,413 中頓別町
0%
170 1,398 占冠村
0%
171 1,385 泊村
0%
172 1,328 中川町
0%
173 1,212 赤井川村
0%
174 1,178 島牧村
0%
175 1,173 幌加内町
0%
176 925 初山別村
0%
177 921 西興部村
0%
178 772 神恵内村
0%
179 603 音威子府村
0%
No matching quizzes found
Score Distribution
Percent of People with Each Score
Percentile by Number Answered
Your Score History
You have not taken this quiz